[Event "EU-ch U12"]
[Site "Herceg Novi"]
[Date "2005.09.23"]
[Round "9"]
[White "Graf, Felix"]
[Black "Popoliski, Gil"]
[Result "1-0"]
[WhiteElo "2168"]
[BlackElo "2120"]
[PlyCount "109"]
[EventDate "2005.09.14"]
[EventType "swiss"]
[EventRounds "9"]
[EventCountry "YUG"]
[SourceTitle "CBM 108 Extra"]
[Source "ChessBase"]
[SourceDate "2005.11.04"]
[SourceVersion "1"]
[SourceVersionDate "2005.11.04"]
[SourceQuality "1"]

1. d4 Nf6 2. c4 g6 3. Nc3 d5 4. cxd5 Nxd5 5. e4 Nxc3 6. bxc3 Bg7 7. Bc4 0-0 8. Ne2 c5 9. 0-0 Nc6 10. Be3 Qc7 11. Rc1 Rd8 12. Qd2 b6 13. Rfd1 Bb7 14. f3 Qc8 15. Bh6 Ba6 16. Bxa6 Qxa6 17. Bxg7 Kxg7 18. Qb2 Na5 19. Nf4 Qb7 20. Qf2 cxd4 21. cxd4 Rac8 22. d5 Rxc1 23. Rxc1 Rc8 24. Rc3 Qa6 25. h4 h6 26. h5 g5 27. Qd4+ Kg8 28. Rxc8+ Qxc8 29. Ne2 Qc4 30. Qxc4 Nxc4 31. Nd4 a5 32. Nf5 Kf8 33. Nxh6 b5 34. Nf5 b4 35. h6 Ne5 36. Kf2 e6 37. h7 Ng6 38. Nd4 exd5 39. exd5 a4 40. Ke3 Kg7 41. d6 Nf8 42. Kd3 Kxh7 43. Kc4 b3 44. axb3 axb3 45. Nxb3 Kg6 46. Nc5 Kf6 47. Kd5 Kf5 48. g3 Kf6 49. d7 Ke7 50. Kc6 f6 51. Kc7 Nxd7 52. Nxd7 Ke6 53. Kc6 f5 54. Nc5+ Kf6 55. Kd5 1-0

[Event "EU-ch U12"]
[Site "Herceg Novi"]
[Date "2005.09.22"]
[Round "8"]
[White "Popoliski, Gil"]
[Black "Sjugirov, Sanan"]
[Result "0-1"]
[WhiteElo "2120"]
[BlackElo "2358"]
[PlyCount "90"]
[EventDate "2005.09.14"]
[EventType "swiss"]
[EventRounds "9"]
[EventCountry "YUG"]
[SourceTitle "CBM 108 Extra"]
[Source "ChessBase"]
[SourceDate "2005.11.04"]
[SourceVersion "1"]
[SourceVersionDate "2005.11.04"]
[SourceQuality "1"]

1. d4 Nf6 2. c4 g6 3. Nc3 Bg7 4. e4 0-0 5. Be2 d6 6. Bg5 Na6 7. Qd2 e5 8. d5 Nc5 9. f3 a5 10. 0-0-0 Bd7 11. h4 Qe8 12. g4 Na4 13. Nxa4 Bxa4 14. Re1 Bd7 15. h5 b5 16. cxb5 Bxb5 17. Bh6 Rb8 18. Bxg7 Kxg7 19. Bxb5 Qxb5 20. Ne2 Rb7 21. Nc3 Qd7 22. Rh2 Rfb8 23. Qe3 a4 24. Rc2 Rb6 25. Ree2 R8b7 26. Kd1 Rb4 27. a3 Rb3 28. Qf2 R7b6 29. Re3 Qe8 30. Qe2 Qa8 31. hxg6 hxg6 32. Kc1 c6 33. dxc6 Rxc6 34. Rd3 Nd7 35. Qd1 Qa6 36. Rcd2 Rbb6 37. Rd5 Nc5 38. Rh2 Qc4 39. g5 Nb3+ 40. Kb1 Nd4 41. Ka1 Rb3 42. f4 Rxc3 43. bxc3 Qxc3+ 44. Ka2 Rb6 45. Qxa4 Qc1 0-1

[Event "EU-ch U12"]
[Site "Herceg Novi"]
[Date "2005.09.20"]
[Round "6"]
[White "Strzemiecki, Zbigniew"]
[Black "Popoliski, Gil"]
[Result "0-1"]
[WhiteElo "2195"]
[BlackElo "2120"]
[PlyCount "66"]
[EventDate "2005.09.14"]
[EventType "swiss"]
[EventRounds "9"]
[EventCountry "YUG"]
[SourceTitle "CBM 108 Extra"]
[Source "ChessBase"]
[SourceDate "2005.11.04"]
[SourceVersion "1"]
[SourceVersionDate "2005.11.04"]
[SourceQuality "1"]

1. e4 c5 2. Nf3 d6 3. d4 cxd4 4. Nxd4 Nf6 5. f3 a6 6. c4 e6 7. Be3 Nbd7 8. Nc3 b6 9. Qd2 Bb7 10. Be2 Be7 11. 0-0 0-0 12. Rfd1 Rc8 13. Kh1 Qc7 14. Rac1 Qb8 15. Bf1 Bd8 16. Bg1 Bc7 17. Nc2 Rfe8 18. Nb4 Rcd8 19. Qc2 Qa8 20. Nd3 Rc8 21. Qb1 Qb8 22. Nb4 Qa8 23. Nc2 d5 24. exd5 exd5 25. Na3 dxc4 26. Nxc4 b5 27. Nd6 Bxd6 28. Rxd6 Ne5 29. Bf2 Bxf3 30. Re1 b4 31. Qf5 bxc3 32. Bd3 Nfg4 33. gxf3 Nxd3 0-1